000
00320nam a2200133Ia 4500
008
191201s2012 xx 000 0 und d
100
_a
CENGEL, Yumus A
245
0
_a
Thermodynamics: An Engineering Approach
250
_a
Rep
260
_a
N.Delhi
_b
TMH
_c
2012
300
_a
978
650
_a
B.Tech(ME)
942
_2
ddc
_c
BK
999
_c
5635
_d
5635